Largest Cities in Israel Map Quiz - Statistics

General Stats
  • This quiz has been taken 869 times
  • The average score is 5 of 10
Answers on the Map
Answers color-coded by a green-red scale on the quiz's map according to % correct below.
 
Answer Stats
Answer % Correct
Jerusalem
77%
Haifa
68%
Beersheba
67%
Tel Aviv
57%
Ashdod
51%
Netanya
48%
Petah Tikva
40%
Bnei Brak
33%
Rishon LeZion
33%
Holon
25%
No matching quizzes found
Score Distribution
Percent of People with Each Score
Percentile by Number Answered
Your Score History
You have not taken this quiz